[Event "Euwe Intern 2005/2006"]
[Site "Amsterdam"]
[Date "2006.01.19"]
[Round "2.8"]
[White "Zult, Daan"]
[Black "Witt, Rob"]
[Result "0-1"]
[WhiteElo "2239"]
[BlackElo "2247"]
[PlyCount "55"]
[EventDate "2006.??.??"]

1. e4 e6 {In het snelschaakkampioenschap van Euwe veegde Daan mij laatst van
het bord met een Koningsindisch in de voorhand opstelling ingeleid met 2.d3.
Kennelijk is dat alleen voor vluggertjes.} 2. d4 d5 3. e5 c5 4. c3 Nc6 5. Nf3
Qb6 6. a3 Nh6 7. b4 cxd4 8. cxd4 Nf5 9. Bb2 Bd7 {Ik wijk af van mijn normale
Le7 omdat Rob Bödicker dit enkele ma1. e4 e6 (In het snelschaakkampioenschap
van Euwe veegde Daan mij laatst van het bord met een Koningsindisch in de
voorhand opstelling ingeleid met 2.d3. Kennelijk is dat alleen voor
vluggertjes. d4 d5 e5 c5 c3 Nc6 Nf3 Qb6 a3 Nh6 b4 cxd4 cxd4 Nf5 Bb2 Bd7 Ik
wijk af van mijn normale Le7 omdat Rob Bödicker dit enkele maanden geleden
tegen mij speelde en ik toen met wit niets wist te bereiken.} 10. g4 {9'} Nh6 {
8'} (10... Nfe7 {is de andere belangrijke variant waarmee Gurevich onlangs
fraai won van Shirov.}) 11. h3 ({Tegen Rob Bödicker speelde ik het alternatief
} 11. Rg1 {Ik snap niet zo goed waarom dat minder vaak wordt gespeeld dan h3.})
11... f6 {Er zijn hier ook andere goede zetten, maar ik wilde mijn paard snel
op f7 krijgen.} 12. exf6 {12'} gxf6 13. Nc3 {17'} Nf7 {11'} 14. Rc1 {28' Er
zijn niet veel partijen met deze stelling. Met de tekstzet vond ik twee
partijen van onbekende spelers. Shirov speelde het onlangs anders maar
bereikte minder dan niks met} (14. Qe2 {dreigt natuurlijk Pxd5.} Be7 (14... Ne7
$5 {lijkt me oo k sterk in aanmerking komen. Wit heeft dan niet Pa4 zodat de
zwarte dame op haar aktieve post kan blijven.}) 15. Na4 Qc7 16. Nc5 O-O 17. Bg2
Rae8 18. O-O Bd6 19. Rac1 a6 20. Rc2 Bc8 21. Rfc1 Nfd8 ({Waarom niet} 21... Bf4
{Vermoedelijk zou Shirov dan een kwaliteit offeren met} 22. Nxa6 Qb6 23. Nc5
Bxc1 24. Rxc1 Qd8 {maar ik vraag me af of wit wel voldoende compensatie heeft.}
) 22. a4 Bf4 23. b5 axb5 24. axb5 Bxc1 25. Bxc1 Na5 26. Na6 Qd6 27. Rxc8 bxa6
28. Bh6 Rf7 29. bxa6 Nc4 30. Qa2 Ra7 31. Qa4 Kf7 32. Qc2 Kg8 33. Qa4 Ree7 {
Zwart is kennelijk niet tevreden met remise en won op zet 53. Shirov-Berg,
Tallinn EST 2006 (53.0-1)}) ({Voor de hand ligt Pa4 wat Clubgenoot Tigran
Spaan afgelopen ACT op het bord kreeg. Omdat Tigran nooit partijen analyseert
voor Euwe Online geef ik de partij in zijn geheel.} 14. Na4 Qc7 15. Rc1 Qd6 ({
Sterker lijkt me} 15... Bh6 16. Rc3 (16. Rc2 O-O) 16... a6) 16. Nc5 Bc8 17. Bb5
(17. g5) 17... Bh6 18. Rc2 (18. g5) 18... a6 $6 19. Bxc6+ bxc6 20. Re2 (20. h4
$5) 20... Ra7 21. O-O O-O 22. Kh1 Bg7 23. Nh4 e5 $6 (23... a5 $1) 24. f4 e4 25.
f5 Qg3 (25... a5) 26. Qe1 Qxe1 27. Rfxe1 Nd6 28. Ng2 Bh6 29. Bc1 Bxc1 30. Rxc1
Nb5 31. Nb3 Bd7 $2 32. a4 Nd6 33. Nc5 (33. Na5 $1 $16) 33... Bc8 $2 (33... Rb8)
34. Ne3 a5 35. Rb2 axb4 36. Rxb4 Rff7 37. Rb6 Rfc7 38. Ne6 Bxe6 39. fxe6 Rxa4
$2 40. Nxd5 Rc8 41. Ne7+ {1-0 Spaan-Bensdorp, Amsterdam 2005}) 14... Bh6 {23'}
15. Na4 {34'} Qd8 {Psakhis noemt deze stelling onduidelijk in zijn boek. Het
valt me tegen dat hij geen enkele aanwijzing geeft over de witte en zwarte
mogelijkheden. Zelf was ik niet ontevreden over mijn stelling, maar het is
voor beide partijen lastig spelen.} 16. Rc3 Nd6 {30' Ik speelde dit om
allerlei varianten met Lb5 eruit te halen. Toch is de suggestie van Peter
Doggers om te rokeren wellicht beter. Het paard staat op f7 ook goed. Het
houdt g4-g5 een beetje tegen en zwart kan eventueel e6-e5 voorbereiden.} ({
Bijv.} 16... O-O 17. Nc5 Bc8 18. Bb5 $6 ({Misschien} 18. g5) 18... a5 $1 {
Die hadden we in de post-mortem niet gezien.} 19. Bxc6 (19. Nxb7 Bxb7 20. Bxc6
axb4 21. axb4 Qb6 $15) 19... axb4 20. axb4 bxc6 $15) 17. Nc5 {47'} (17. g5)
17... O-O $6 {34' Dit verrastte Daan en is bij nader inzien erg riskant.} 18.
Bd3 {57'} ({Gevaarlijker lijkt me} 18. g5 $1 fxg5 (18... Bg7 19. gxf6 Rxf6 20.
Ne5 $16) 19. b5 {en na een zwarte paardzet h4 gevolgd door Pe5. Dit plan
hadden we niet gezien en lijkt me sterker dan de alternatieven die we in de
post-mortem bekeken. De tjd ontbreekt me om dit uit te werken.} (19. h4 g4 20.
Ne5 Nxe5 21. dxe5 Ne4 22. Nxe4 dxe4 23. Rg3 Bc6 $13 (23... Ba4 $5 $13)) (19.
Ne5 Nxe5 20. dxe5 Ne4 (20... Nf5) 21. Nxe4 dxe4 22. h4 g4 23. Qxg4+ Kh8 $13))
18... b6 $6 {40' Opnieuw riskant gespeeld. Na de partij gaf ik hier meteen aan
dat ik De7 had moeten spelen.} 19. g5 $1 {1.05' Slim gespeeld. Het lijkt
nauwkeuriger om eerst op d7 te slaan om zwart geen extra mogelijkheid te geven,
maar die extra mogelijkheid is levensgevaarlijk voor zwart.} fxg5 {48'} ({
De extra mogelijkheid is} 19... bxc5 {maar ook dan krijgt wit gevaarlijke
aanval, al zijn de complicaties niet te overzien in de analyse laat staan in
de partij, na bijv.} 20. dxc5 fxg5 (20... Nc4 21. Bxc4 fxg5 22. Be2 Bg7 23. Rc2
$16) (20... Bg7 21. cxd6 fxg5 22. Rg1 $1 (22. Qc2 $5 e5 $5 (22... Qf6) 23.
Bxh7+ Kh8 {is minder duidelijk.}) 22... h6 (22... Qf6 23. Rxg5 e5 24. Rxc6 Bxc6
25. Bxe5 Rae8 26. b5 Bd7 27. Qd2 h6 28. Be2 Rxe5 29. Rxe5 Be6 30. Qe3 $16) 23.
h4 (23. Nxg5 Nd4) 23... Be8 24. hxg5 (24. b5 $5) 24... h5 25. b5 Qa5 (25... Na5
26. Bh7+ $3 Kh8 (26... Kxh7 27. Rc7) 27. Bb1 $18) 26. Qd2 Rxf3 27. bxc6 $13)
21. cxd6 Qf6 22. Qc2 Rf7 23. h4 g4 24. Rb3 e5 $13 {Het zou me niet verbazen
als een grondige analyse aantoont dat wit ergens kan winnen.}) 20. Nxd7 {
Over 12'} Qxd7 21. Rxc6 $2 {11' Een misrekenening. Daan dacht dat dit vrijwel
winnend was, maar hij had mijn 22e zet overzien.} ({Het beste was
waarschijnlijk} 21. b5 $1 {om veld e5 voor het paard te veroveren.} Na5 22. Ne5
Qg7 23. Qh5 (23. Qg4 Rae8) 23... Nac4 (23... Kh8 24. Ng4 Nac4 25. Bxc4 Nxc4 26.
Ba1 $16) 24. Bxc4 Nxc4 25. Rxc4 $5 (25. Nxc4 dxc4 26. Rxc4 Qf6 $13) 25... dxc4
26. Ng4 c3 $1 27. Bxc3 (27. Nxh6+ Kh8 28. Bc1 Qxd4 29. Be3 Qd3 $13) (27. Bc1
Qxd4 (27... Rf6 $2 28. h4 Rg6 29. hxg5 Bxg5 30. Bxg5 Rf8 31. Nh6+ Kh8 32. Be3
$16) 28. Nxh6+ Kh8 29. Be3 Qd3 $13) 27... Rac8 28. Bb4 Rc1+ 29. Ke2 Rxh1 30.
Nxh6+ Kh8 31. Bxf8 Qxd4 $11 (31... Qxf8 32. Qxg5 $1)) 21... Qxc6 22. Ne5 Qe8 $1
{Over 41'. Deze logische zet had Daan volkomen overzien. (Hoe is dat te
verklaren?, vraag je je af.)} ({Overigens zie ik bij nader inzien ook geen
winst voor wit na} 22... Qc7 23. Qh5 Qg7 {wat Daan dacht. Bijv.} 24. Ng4 (24.
h4 Nf7 (24... g4 $5) 25. Rg1 (25. hxg5 $2 Qxg5) 25... Nxe5 26. dxe5 Qf7) 24...
Nf5 25. Bxf5 exf5 26. Nxh6+ Kh8 $13) 23. Bc1 {Tot overmaat van ramp heeft Daan
ook nog maar 7'} Ne4 $1 {23'} 24. Be3 (24. Bxe4 dxe4 25. Qg4 Rf5 26. h4 Qc8 {
is ook winnend voor zwart.}) 24... Bg7 $1 {21'} 25. h4 {4'} Bxe5 {14'} (25...
Qc8) 26. dxe5 Qf7 27. hxg5 $2 {3' een fout in verloren stelling.} (27. Bxe4
dxe4) 27... Nxf2 {12'} 28. Qc2 {en net toen ik de toren wilde pakken gaf Daan
op. Het is een beetjeonbevredigen d dat ik in de analyse zoveel varianten moet
afsluiten met het oordeel onduidelijk. De stellingen zijn echter zo
ingewikkeld dat het vele uren c.q. dagen zou kosten om ze echt goed te
analyseren.} 0-1

[Event "Euwe Intern 05/06"]
[Site "?"]
[Date "2006.02.09"]
[Round "2.10"]
[White "Hovenga, Alje"]
[Black "Witt, Rob"]
[Result "0-1"]
[WhiteElo "2182"]
[BlackElo "2247"]
[Annotator "Witt,Rob"]
[PlyCount "114"]
[EventDate "2006.??.??"]

{De voorlaatste ronde van de 2e periode. Alje stond 150 keizerpunten achter me
en moest dus deze partij winnen om nog kans te maken op de eindzege.} 1. d4 d5
{Het was verleidelijk om de Koningsindische discussie van enkele maanden
geleden voort te zetten, maar ik was bang dat Alje een andere variant zou
kiezen tegen de KID.} 2. c4 c6 3. Nf3 Nf6 4. Nc3 e6 {Voor de partij had ik me
voorgenomen om de solide Chameleon (Slavisch met a6) te spelen, maar voor het
bord bedacht ik me.} 5. Bg5 h6 6. Bxf6 {De Moscowvariant. Scherper is de
anti-Moscow met 6.Lh4 g5 7.Lg3 dxc4 enz.} Qxf6 7. Qb3 {Ik was vergeten dat
Alje dit altijd speelt. Het idee is om snel e4 te spelen zonder lastig
gevallen te worden door een schaakje op b4.} ({Gebruikelijker is} 7. e3 {bijv.}
Nd7 8. Bd3 dxc4 9. Bxc4 g6 10. O-O Bg7 {met een spannende stelling die als
iets beter voor wit te boek staat.}) 7... dxc4 {Ik had geen flauw idee wat
hier theorie is. De tekstzet leek me logisch. Ik wilde e4 met e5 kunnen
beantwoorden zodat Lc8 snel ontwikkeld kan worden. Iets gebruikelijker blijkt}
(7... Nd7 8. e4 dxe4 9. Nxe4 Qf4 10. Bd3 e5 ({of} 10... Be7)) 8. Qxc4 Nd7 9. e4
{5'} ({Een andere methode begint met} 9. g3 {zoals Timman een paar keer
gespeeld heeft.}) 9... e5 {10} 10. d5 {Dit wordt vri jwel zonder uitzondering
gespeeld. Alleen Aljechin rokeerde een keer lang in 1931.} Nb6 {Arne vond dit
een beetje vreemde opstelling van zwart maar er is niks mis mee.} 11. Qb3 Bc5 {
Ik speelde dit om de lange rokade te verhinderen, maar dat was Alje niet van
plan en het wordt ook nooit gespeeld door de witspelers.} 12. Rc1 {11' Dit
blijkt een nieuwe (en misschien wel verloren) zet te zijn in deze stelling.
Meestal volgt} (12. Be2 {bijv.} O-O 13. O-O Bg4 14. Rac1 Rac8 15. h3 Bxf3 16.
Bxf3 Bd4 17. Bg4 Rcd8 18. dxc6 bxc6 19. Ne2 c5 {en zwart had niks te klagen in
Vasilevich - Karjakin, 2004, 42.0-1}) 12... O-O {21'} 13. dxc6 {19'} (13. Be2
Qg6 $5 (13... Bg4 {leidt tot bovengenoemde partij van Karjakin.}) 14. O-O Bh3
15. Ne1 (15. Nh4 Qg5 {met de lastige dreiging Lxf2+ Kxf2 en Dxh4+.}) 15... Bd4
16. Kh1 Bd7 {en zwart staat minstens gelijk.}) 13... bxc6 14. Be2 Bg4 {30'} ({
Interessant en sterk was opnieuw} 14... Qg6 15. O-O Bh3) 15. O-O Bxf3 {35' Die
komt niet voor op het lijstje van Fritz. Ik wil mijn loper op d4 zetten en had
geen zin te wachten op h3. Misschien was eerst Tfd8 iets nauwkeuriger.} 16.
Bxf3 Bd4 17. a4 $6 {23' Alje wilde zijn damevleugelpionnen op a5 en b4 zetten,
vervolgens een paard op c5 en druk uitoefenen op mijn c-pion. Achteraf lijkt
dit niet zo'n goed plan omdat de witte pionnen zwak worden.} ({Beter was
misschien} 17. Ne2 {al heeft zwart geen problemen.}) 17... Rab8 {40'} 18. a5 $2
{Uit het feit dat dit niet goed is, blijkt dat het hele witte plan niet deugt.}
(18. Qc2 $15) 18... Nd7 {Zwart staat duidelijk beter.} 19. Qa3 Nc5 {48'} 20. b4
{30', over 60'} Nd3 {55', over 35'} 21. Rb1 $2 {Dit blijkt niet te kunnen.
Noodzakelijk was} (21. Nd5 cxd5 22. Qxd3 dxe4 23. Bxe4 Rxb4 {en zwart heeft
een gezonde pluspion en de betere stelling.}) 21... Qd6 $2 ({Zowel tijdens de
partij als tijdens de post-mortem heb ik (hebben we) op dit moment niet
gekeken naar} 21... Nxb4 $1 {wat gewoon een pion wint want niet mogelijk is}
22. Rxb4 $2 Bc5 23. Na2 Qd6 24. Rfb1 Bxb4 25. Nxb4 (25. Rxb4 Rxb4 26. Qxb4 (26.
Nxb4 Rb8) 26... Qxb4 27. Nxb4 Rb8 $19) 25... c5 26. Rd1 cxb4 $19) 22. Na2 {55'}
Rfd8 23. Rb3 {50'} Nf4 {32'} ({Hier keken we in de post-mortem wel naar} 23...
Nxb4 {maar wit lijkt het te houden na} 24. Nxb4 ({Volgens mij keken we
achteraf alleen naar} 24. Rxb4 $2 Bc5 25. Rfb1 Bxb4 26. Nxb4 c5 {en wint.})
24... Bc5 25. Rfb1 Rb7 26. Qa4 $1 Qd4 (26... Rdb8 $2 27. Nd3 $1 $18) 27. Kh1
Rdb8 28. Qxc6 Rxb4 29. Rxb4 Rxb4 30. Qe8+ Bf8 31. Rd1 Qxf2 32. h3 $11) ({
Interessanter is de suggestie van Arne} 23... Nxf2 $5 24. Rxf2 Bxf2+ 25. Kxf2
Qd4+ (25... Qd2+ 26. Kf1 Qf4 {biedt ook kansen.}) 26. Re3 {en nu} ({Het beste
is misschien} 26. Kg3 Qd2 (26... Rd6 $5) (26... Qa1 $5)) 26... c5 $1 {het ziet
er zeer naar uit voor wit. Hoewel ik denk dat het offer kansrijk is voor zwart,
ben ik tevreden met wat ik speelde. Ik sta sowieso beter en hoef me niet op
onduidelijke verwikkelingen in te laten.}) 24. g3 $6 {48'} (24. Nc1 $17) 24...
Qg6 $1 {29'} 25. Nc1 {46'} Nh3+ 26. Kg2 Ng5 ({Tijdens de post-mortem zei ik
dat het wellicht verstandig was geweest om remise te maken of in ieder geval
de zetten te herhalenmet} 26... Nf4+ {maar het eerste is natuurlijk onzinnig.
Ik sta nog veel beter dan ik tijdens de partij dacht.}) 27. Re1 {45'} Qd6 $6 {
23'} ({Veel sterker was} 27... Qe6 $1 {Ik zie niet hoe wit moet spelen om de
boel bij mekaar te houden.}) 28. Bg4 {43'} g6 ({Hier komt Fritz met het
verrassende} 28... h5 $1 {met als idee} 29. Bxh5 $2 Qe6 30. Bf3 Qh3+ 31. Kg1
Bxf2+ 32. Kxf2 Qxh2+ 33. Bg2 Rd6 {met winst.}) 29. h4 Nh7 $6 ({Na afloop gaven
we de voorkeur aan} 29... Ne6 {maar ik gunde het Alje niet dat hij zijn
slechte loper kon ruilen voor mijn mooie paard.}) ({Interessant is ook} 29...
h5 30. hxg5 hxg4 $17) 30. Nd3 {41'} h5 {18'} 31. Bf3 $2 {40'} (31. Bh3) 31...
Nf8 32. Qc1 {39'} Ne6 {16'} ({Na afloop dacht ik dat} 32... Qe6 {beter was om
Dc4 te verhinderen. Maar de tekstzet is toch goed.}) 33. Qc4 {35'} Rdc8 {
14' om alvast de c-pion te dekken, maar dat kon beter met} (33... Qc7 34. Rc1
Rd6 {gevolgd door De7 of Dd8 en een keer g5.}) 34. Rc1 {32'} Qe7 {13'} 35. Kh2
{26' Alje wil alsnog zijn loper omspelen naar h3.} Kg7 {Voorbereiding voor g5.
Maar misschien kon dat direct.} (35... g5 $5) 36. Bg2 g5 $1 {8' Ik had te
weinig tijd om me echt in de finesses van de stelling te verdiepen en dacht
dat ik me in een onduidelijk avontuur stortte, maar het is gewoon een goed
plan.} 37. hxg5 {25' Alje blijft snel spelen. Misschien was er hier een betere
verdediging. Bijv.} (37. Bh3 gxh4 38. Rg1 {en het is allerminst duidelijk.})
37... Nxg5 ({Ik denk nu dat de suggestie van Arne} 37... h4 $1 {simpeler en
sterker is.} 38. gxh4 Rh8 39. Kg1 Rxh4 $17) 38. f4 {24'} h4 $1 {5'} 39. g4 $2 {
21' Onbegrijpeli jk dat Alje in zo'n moeilijke stelling snel blijft spelen.
Waarschijnlijk gunde hij mij geen tijd om na te denken, maar meestal is dat
een slechte strategie tenzij je volkomen verloren staat.} ({Ik had gezien dat
wit het stuk niet kon nemen} 39. fxg5 hxg3+ {en wint.}) ({Maar er lijkt niet
veel aan de hand na} 39. Nxe5 hxg3+ 40. Kxg3 (40. Rxg3 $2 Rh8+ 41. Bh3 Bxe5 42.
fxe5 Qxe5 43. Kg2 Rxh3 $1 $19) 40... Bxe5 41. fxe5 Qxe5+ 42. Kf2 {en het is de
vraag of zwart wel beter staat.}) 39... h3 $1 40. Bh1 {20'} Ne6 {4' Allebei
15' erbij. Wit nog 35', zwart nog 19'.} 41. Rf1 {33' Zelfs nu blijft Alje (te)
snel spelen.} ({Relatief beter was denk ik} 41. Nxe5 Bxe5 42. fxe5 Rd8 $17)
41... exf4 {16' Zwart staat gewonnen.} 42. e5 {29'} Qg5 {11'} (42... Qh4) 43.
Bf3 {26'} Be3 {9'} 44. Kh1 {18'} Rd8 {7'} 45. Qe4 {13'} Qh4 {6'} (45... c5 $1)
46. Qf5 $2 {11'} (46. Rc3) 46... Nd4 {5'} 47. Qf6+ Qxf6 48. exf6+ Kxf6 49. Rc3
{10'} Kg5 {4'} 50. Bd1 f6 51. Rc5+ f5 52. Ne5 {7'} Rd5 53. Nxc6 Rxc5 54. Nxb8 {
5'} Rc8 55. Nd7 fxg4 56. Ne5 g3 57. Nf7+ Kf6 {en Alje gaf op. Met deze
overwinning plaats ik mij voor de playoffs van Euwe. Marc Overeem heeft de
eerste periode gewonnen. Ik ben benieuwd hoe hard de strijd zal zijn in de
derde periode.} 0-1